Export terminé — 

Cơ sở lí thuyết quang phổ hấp thụ phân tử. Phương pháp xác định hệ số hấp thụ phân tử Luận văn tốt nghiệp Đại học Sư phạm ngành Hóa Khóa 12

Đã lưu trong:
書目詳細資料
主要作者: Kiều Thị Hồng Nga
格式: 圖書
語言:Undetermined
出版: Cần Thơ Trường Đại học Cần Thơ, Khoa Sư phạm, Bộ môn Hóa 1990
標簽: 添加標簽
沒有標簽, 成為第一個標記此記錄!
Thư viện lưu trữ: Trung tâm Học liệu Trường Đại học Cần Thơ
LEADER 00775nam a2200181Ia 4500
001 CTU_26849
008 210402s9999 xx 000 0 und d
082 |a 543 
082 |b Ng100/1990 
100 |a Kiều Thị Hồng Nga 
245 0 |a Cơ sở lí thuyết quang phổ hấp thụ phân tử. Phương pháp xác định hệ số hấp thụ phân tử 
245 0 |b Luận văn tốt nghiệp Đại học Sư phạm ngành Hóa Khóa 12 
245 0 |c Kiều Thị Hồng Nga 
260 |a Cần Thơ 
260 |b Trường Đại học Cần Thơ, Khoa Sư phạm, Bộ môn Hóa 
260 |c 1990 
904 |i Nguyễn Quang Điền, 981020 
980 |a Trung tâm Học liệu Trường Đại học Cần Thơ